| 000 | 00964nam a2200265Ia 4500 | ||
|---|---|---|---|
| 001 | 21813 | ||
| 005 | 20260320113314.0 | ||
| 008 | 260320s9999||||xx |||||||||||||| ||und|| | ||
| 020 | _a9786123172930 | ||
| 041 | _aESP | ||
| 082 |
_a347.51 _bS17 |
||
| 100 |
_aSalas Sánchez, Julio, _eAUT |
||
| 245 | 0 |
_aSociedades reguladas por la Ley general de sociedades _b |
|
| 246 |
_a _5 _b |
||
| 250 | _aPrimera edición, tercera reimpresión | ||
| 260 |
_aLima : _bPontificia Universidad Católica del Perú. Fondo Editorial, _c2024 |
||
| 300 |
_a192 páginas : _bcuadros ; _c21 cm. _e |
||
| 440 |
_a(Lo esencial del derecho _n; número 25) _v |
||
| 650 | _aCIS | ||
| 653 | _aDerecho comercial - Perú; Derecho - Estudio y enseñanza; Sociedades comerciales - Legislación - Perú | ||
| 654 | _aDER | ||
| 700 |
_a _c |
||
| 856 |
_uhttps://legal-legis-com-pe.ucsp.lookproxy.com/home/Corporativo _zVéase además: Base de datos Multilegis |
||
| 942 |
_cLIB _dJUS _fMAT _2ddc _n |
||
| 999 |
_c21813 _d21813 |
||